000 00509nam a2200181Ia 4500
003 GCL
008 140319s9999 xx 000 0 ara d
040 _aGCL /
_cGCL
082 0 4 _a301.21
_bك خ
100 1 _aكمال محمد بشر
245 1 0 _aخاطرات مؤتلفات فى اللغة والثقافة /
_cكمال محمد بشر
300 _a322
490 _a100 قصة
_v0
650 0 4 _aاللغة العربية
650 0 4 _aالثقافة
650 0 4 _aالاجتماع
942 _2ddc
_cBK
999 _c44048
_d44048